Responses for show #5227 - Tuesday, May 8, 2007

2007 College Championship semifinal game 2.
From the University of Southern California.

Contestants

[<< previous game]

Haritha Sudanagunta, a junior from University of California-San Diego

Will Schultz, a freshman from the University of North Carolina, Chapel Hill

Christine Kennedy, a freshman from the University of Notre Dame

[next game >>]

Jeopardy! Round responses

WONDERS OF AMERICA STAMPS
NAME THAT TUNE-STER
THE THIRD CATEGORY
YOU'RE SO SWEET
I'M A BELIEVER
ABBREV.
    $200 26
St. Louis

Haritha
    $200 12
Beyoncé

Haritha
    $200 30
butterfly

Haritha
    $200 21
jelly

Will
    $200 6
Judaism

Haritha
    $200 1
intelligence quotient

Christine
    $400 27
Superior

Haritha
    $400 13
Gnarls Barkley

Will
    $400 17
FDR

Haritha
    $400 22
brown sugar

Haritha
    $400 10
Islam

Christine
    $400 2
date of birth

Christine
    $600 28
Yosemite

Haritha
    $600 14
The Killers

Haritha
    $600 18
Macbeth

Haritha
    $600 23
Gummi Bears

Haritha
    $600 11
Hinduism

Will
    $600 3
alternative

Triple Stumper
    $800 29
falcon

Christine
    $800 15
John Mayer

Haritha
    $800 19
Seth

Haritha
    $800 24
bananas

Haritha
    $1,000 8
(Haritha: How about Quaker religion?)

Mormon (The Church of Jesus Christ of Latter-day Saints)

Haritha
    $800 4
pulmonary

Haritha
    $1000 9
(Haritha: What is the Carlsbad Caverns?)
(Will: What is Mammoth Caverns?)

Mammoth Cave

ChristineWillHaritha
    $1000 16
Corinne Bailey Rae

Triple Stumper
    $1000 20
(Haritha: Who is Shepard?)

(Michael) Collins

WillHaritha
    $1000 25
Coke

Haritha
    $1000 7
(Christine: What is the Unitarian Church?)
(Haritha: What is Episcopal?)

Catholic

ChristineHaritha
Triple Stumper
    $1000 5
Master of Fine Arts

Christine

Scores at the first commercial break (after clue 11):

Christine Will Haritha
$2,000 -$400 -$2,000

Scores at the end of the Jeopardy! Round:

Christine Will Haritha
$2,800 $1,200 $4,600

Double Jeopardy! Round responses

AROUND THE WORLD
SCI FI
(Alex: ...an entire category devoted to the [*] Channel.)
HISTORICAL OUTGOING MESSAGES
GET TO WORK!
NEWS QUIZ
ON THE "GO"
    $400 20
the Sphinx

Haritha
    $400 30
a wizard

Will
    $400 1
(Christine: Who is Jesse James?)

Wyatt Earp

ChristineWill
    $400 29
a union

Will
    $400 6
Daylight Savings Time

Christine
    $400 11
prego

Christine
    $800 19
Cinco de Mayo

Christine
    $800 24
(Haritha: What are MythBusters?)
...
(Alex: What are [*], not busters.)

Ghost Hunters

Haritha
Triple Stumper
    $800 2
(Haritha: Who is Morse?)

(Alexander Graham) Bell

WillHaritha
    $800 28
Wal-Mart

Christine
    $800 7
U.S. attorneys

Christine
    $800 12
Virgo

Christine
    $1200 18
(Christine: What is Switzerland?)

Denmark

ChristineWill
    $1200 23
a Superhero

Will
    $1200 3
Kim Jong-il

Haritha
    $1200 27
Japan

Triple Stumper
    $3,000 8
Walter Reed

Christine
    $1200 13
the Congo

Triple Stumper
    $1600 17
Hudson Bay

Will
    $1600 22
(Will: What is Stargate?)
(Alex: Be more specific.)
(Will: What is Stargate Atlantis?)

Stargate SG-1

Will
Triple Stumper
    $1600 4
(William) Seward

Christine
    $1600 26
the Pentagon

Will
    $1600 9
surge

Haritha
    $1600 14
indigo

Haritha
    $2,000 16
K2

Haritha
    $2000 21
The Twilight Zone

Christine
    $2000 5
(William) Pitt

Will
    $2000 25
the ringmaster

Will
    $2000 10
Kurt Vonnegut

Christine
    $2000 15
imago

Triple Stumper

Scores at the end of the Double Jeopardy! Round:

Christine Will Haritha
$13,800 $11,200 $9,800

[wagering suggestions for these scores]

Final Jeopardy! Round responses

U.S. PRESIDENTS
(Alex: The first line of that clue should have helped you eliminate a president that would come to mind ordinarily.)
HarithaWho is FDR (hi Mom!....and Dad)
$9,799
WillWho is LBJ?
$11,200
ChristineWho was Eisenhower?
$9,000
Dwight Eisenhower

Final scores:

Christine Will Haritha
$22,800 $0 $1
Finalist 3rd place: $10,000 2nd place: $10,000

Game dynamics:

Coryat scores:

Christine Will Haritha
$12,000 $11,200 $10,800
16 R
(including 1 DD),
3 W
14 R,
2 W
21 R
(including 1 DD),
6 W
(including 1 DD)

Combined Coryat: $34,000

The J! Archive is created by fans, for fans. The Jeopardy! game show and all elements thereof, including but not limited to copyright and trademark thereto, are the property of Jeopardy Productions, Inc. and are protected under law. This website is not affiliated with, sponsored by, or operated by Jeopardy Productions, Inc. Join the discussion at JBoard.tv.